000 00490nam a2200193Ia 4500
008 240510s9999 xx 000 0 und d
020 _a0000471194697
041 _aEng
082 _a519.242
082 _bD15
100 _aDANIEL, Cuthbert
245 0 _aApplications of statistics to industrial experimentation
260 _bNew York : John Wiley
260 _c1976
300 _a294 p.
650 _aStatistics : experimental design : industry
942 _2ddc
942 _cLBK
999 _c25429
_d25429
945 _a1
_bMadushi Gamage
_c1
_dMadushi Gamage